000 00746nam a2200265Ia 4500
003 OSt
005 20220918184559.0
006 a|||||r|||| 00| 0
007 ta
008 220917b |||||||| |||| 00| 0 eng d
024 _a47,160
037 _cTextual
040 _aARTS
_cARTS
_beng
041 _2eng
_aeng
082 _aP, K42-;6 (PD)
100 _aMartinet Andre
_966096
245 0 _aElements of general linguistics tr by Elisabeth Palmer
260 _aLondon
_bFaber and Faber
_c1964
300 _a205p.
_ccm.
490 _aStudies in general linguistics ed by L R Palmer
500 _aBib 199-201p
650 _aLINGUISTICS
942 _hP, K42-;6 (PD)
_cTEXL
_2CC
999 _c177029
_d177029